000
00207 a2200097 4500
001
5101
100
_a
Hum,.R
245
_a
Chemistry for Engineering students
260
_a
_b
Griffin
_c
090
_c
4245
_d
4245
942
_a
NUST-CAE
_c
M
_c
30540
999
_c
240174
_d
240174